| 000 | 00543nam a2200193 a 4500 | ||
|---|---|---|---|
| 001 | 1766296075621 | ||
| 003 | YourLibrary | ||
| 005 | 20251221111916.0 | ||
| 008 | 251221s2001##################000#0#eng## | ||
| 020 | _a9780231102360 | ||
| 082 | 0 | 4 |
_a616.86 _bFRE |
| 100 | 1 |
_aFreeman, Edith M., _eauthor. |
|
| 245 | 1 | 0 | _aSubstance Abuse Intervention, Prevention, Rehabilitation, and Systems Change Strategies : |
| 260 | _c2001. | ||
| 300 | _a487 pages | ||
| 650 | 0 | _aPsychology. | |
| 942 | _cENGLISH | ||
| 040 |
_aYourLibrary _beng _cYourLibrary |
||
| 999 |
_c603331 _d603331 |
||